| Record ID | talis_openlibrary_contribution/talis-openlibrary-contribution.mrc:270021688:452 |
| Source | Talis |
| Download Link | /show-records/talis_openlibrary_contribution/talis-openlibrary-contribution.mrc:270021688:452?format=raw |
LEADER: 00452nam a2200145 a 4500
001 6d3e28943f9d4dc9be58e81a6a277a0f
003 UK-BiTAL
005 20050705115020.0
008 890510s1988 kn | 000 ||eng|d
035 $a()y9381311
040 $aQU$cQU$dUK-BiTAL
100 1 $aKim, Il-sǒng.
245 00 $aWorks /$cKim Il Sung. 33, January-December 1978.
260 $aPyongyang :$bForeign Languages Publishing House,$c1988.
300 $a527p., [6]p. of plates ;$c21 cm.